000 00601nam a2200193Ia 4500
001 2477
003 GE_BSU
008 181216s||||||||xx |||||||||||||| ||und||
040 _cGE_BSU
080 _a27–24
245 _aბიბლიური მოთხრობები(ძველი აღთქმა)
245 _cრედ. ზურაბ კიკნაძე
260 _aთბილისი
260 _c1992
300 _a327 გვ
541 _h10 ლ.
653 _aბიბლიური მოთხრობები(ძველი აღთქმა)
942 _cBK
999 _c36558
_d36558